| 000 | 00463nam a2200205Ia 4500 | ||
|---|---|---|---|
| 005 | 20250425162050.0 | ||
| 008 | 250425s9999 xx 000 0 und d | ||
| 041 | _aeng | ||
| 082 | _a621.4022 | ||
| 100 | _aKREITH, FRANK | ||
| 245 | 0 | _aPRINCIPLES OF HEAT TRANSFER | |
| 250 | _aS.E. | ||
| 260 |
_aEstados Unidos _bINTER _c1965 |
||
| 260 | _aS.L. | ||
| 300 | _a620 | ||
| 650 | _aCALOR | ||
| 650 | _aCALOR-TRANSFERENCIA | ||
| 942 | _c01 | ||
| 010 | _a45846 | ||
| 999 |
_c221675 _d221675 |
||